| 000 | 00376cam a22001337a 4500 | ||
|---|---|---|---|
| 008 | 180718b1941 xxu||||| |||| 00| 0 eng d | ||
| 082 | _aA6x5406 C832 | ||
| 100 | _aCoupland, R. | ||
| 245 |
_aBritain and India, 1600-1941 _cby R. Coupland |
||
| 260 |
_aLondon _bLongmans _c1941 |
||
| 300 | _a94p. | ||
| 650 | _aIndia - History - 1858-1947 | ||
| 650 | _aIndia - History - 1600-1941 | ||
| 999 |
_c363334 _d363334 |
||